| 000 | 00632nam a2200241 a 4500 | ||
|---|---|---|---|
| 001 | 0001-1178 | ||
| 003 | ELIB.Books | ||
| 008 | 150507 2010 eng | ||
| 020 | _a0913367532 | ||
| 035 | _a(ELIB.Books)0001-1333 | ||
| 092 |
_a248.4 _bWie |
||
| 100 | _aWiersbe, Warren W. | ||
| 245 |
_aGod Isn't In a Hurry _bLearning to Slow Down and Live |
||
| 260 |
_aGrand Rapids _bBaker Academic _c1994 |
||
| 300 |
_a149 _c21 Cm |
||
| 500 | _aC/o Moe Lwei | ||
| 650 | _aChristian Life | ||
| 856 |
_nKBTS: Library _uKBTS: Elib |
||
| 942 |
_2ddc _cBK |
||
| 990 | _a1 | ||
| 998 |
_cbat _e2015-05-07 |
||
| 999 |
_c11178 _d11178 |
||